Guitarras, guitarritas y guitarrones : cuentos /

Guardado en:
Autor Principal: Basch, Adela
Otros Autores: Durini, Ángeles, López, Horacio, Méndez, Mario, Saracino, Luciano
Formato: Libro
Publicado: Buenos Aires : Abran cancha, 2013
Series:Caballo rayo
Materias:
Etiquetas: Agregar Etiqueta
Sin Etiquetas, Sea el primero en etiquetar este registro!
LEADER 01174nam a22002895a 4500
001 CEM.cems015398
008 130507s2013##################000#0#####d
005 20250526180546.0
245 1 0 |a Guitarras, guitarritas y guitarrones :  |b cuentos /  |c Adela Basch ... y Otros ; ilustrado Por Daniela Kantor 
260 |a Buenos Aires :  |b Abran cancha,  |c 2013 
300 |a 39 p. 
490 0 |a Caballo rayo 
505 0 |a Tal vez sea cuerda / Adela Basch -- La guitarrita / Ángeles Durini -- / La guitarra en el ropero y una paloma llamada Matilde / Horacio López -- La guitarra de José / Mario Méndez -- Mi canción perdida / Luciano Saracino 
020 |a 9789871865208 
100 1 |a Basch, Adela 
700 1 |a Durini, Ángeles 
700 1 |a López, Horacio 
700 1 |a Méndez, Mario 
700 1 |a Saracino, Luciano 
082 0 4 |a A868.4 
653 |a Literatura 
653 |a Literatura argentina 
653 |a Literatura infantil 
653 |a Cuentos infantiles 
653 |a Colección ciencias de la educación 
859 |a CEMS  |b BIB. CEMS - Inicial y Primaria  |h A868.4  |i B290-3  |k IP  |p 4040  |t Ej.1 
859 |a CEMS  |b BIB. CEMS - Ccias. Educacion  |h A868.4  |i B290-3  |k CE  |p 28796.19  |t Ej.1